Lasers (Record no. 327425)

MARC details
000 -LEADER
fixed length control field 00530nam a2200181Ia 4500
008 - FIXED-LENGTH DATA ELEMENTS--GENERAL INFORMATION
fixed length control field 230718s9999 xx 000 0 und d
020 ## - INTERNATIONAL STANDARD BOOK NUMBER
International Standard Book Number 9781441964410
041 ## - LANGUAGE CODE
Language code of text/sound track or separate title eng
082 ## - DEWEY DECIMAL CLASSIFICATION NUMBER
Classification number 535.5'8
Item number THY
100 ## - MAIN ENTRY--PERSONAL NAME
Personal name Thyagarajan K.
9 (RLIN) 150364
245 ## - TITLE STATEMENT
Title Lasers
Remainder of title Fundamentals And Applications
250 ## - EDITION STATEMENT
Edition statement 2nd ed.
260 ## - PUBLICATION, DISTRIBUTION, ETC. (IMPRINT)
Date of publication, distribution, etc. 2010
Name of publisher, distributor, etc. Springer
300 ## - PHYSICAL DESCRIPTION
Extent 650
Accompanying material [OBSOLETE, CAN/MARC] Ref 1308 E ME (38632)
365 ## - TRADE PRICE
Currency code Rs.
Price amount 5757.00
700 ## - ADDED ENTRY--PERSONAL NAME
Personal name Thyagarajan K. & Ghatak A.
9 (RLIN) 191869
906 ## - LOCAL DATA ELEMENT F, LDF (RLIN)
d O:0161011-Mar-2011B:703103-Feb-2011
c ME ETC
b 1439.25
Holdings
Withdrawn status Lost status Source of classification or shelving scheme Reference No Damaged status Not for loan Home library Current library Date acquired Vendor Budget Code Cost, normal purchase price Bill number Full call number Barcode Date last seen Discount Cost, replacement price Bill Date Koha item type Original Barcode
    Dewey Decimal Classification Ref 1308 E M. Tech. (38632)   Reference Cummins College of Engineering for Women Pune Cummins College of Engineering for Women Pune 11/03/2011 Tbs ME ETC 4317.75 7031 535.5'8 CCEP-BK-38632 18/07/2023 1439.25 5757.00 03/02/2011 Books 038632